000 00349 a2200133 4500
999 _c299988
_d299988
001 64915
003 NUST
005 20180119103126.0
008 180119b xxu||||| |||| 00| 0 eng d
082 _a620.0028 JON
100 _aJome's
_99051
245 _aMechanical measurement, Jones Instrument technology
_nVol-IV
250 _a4
260 _aOxford (Auckland)
_bButterworth Heinemann
_c2003
300 _a186p.
942 _aNUST-CAE
_cBK
_k620.0028 JON
_2ddc